00948nam a2200217 a 4500001001000000003000500010005001700015008004100032010001100073011001100084040000900095100002900104245018900133260004100322500006000363502011400423650004200537650004600579650003500625856007000660000114645CHAP20220329144451.0180314s2017 mx |sm |||||||spa d a111106 a112078 cCHAP00aLugo Martínez, Leticia13aEl papel de los consejos municipales de desarrollo rural sustentable en la definición de políticas locales en una zona natural protegidah[En línea]cpor Leticia Lugo Martínez. aChapingo, Méx. :bEl autor,c2017. aPara ver el contenido del material haga clic en la liga aTesis (M. C. en Gestión para el Desarrollo Rural) -- UACH. Dirección de Centros Regionales Universitarios14aReservas naturalesxAdministración.14aReservas naturalesxPolitica y programas.14aReservas naturaleszQueretaro. aFinding aiduhttp://10.13.5.2/tesis/sist114645.pdfzTeclea aquí